Introduction to agricultural social science (Record no. 5061)

MARC details
000 -LEADER
fixed length control field 00403nam a22001697a 4500
005 - DATE AND TIME OF LATEST TRANSACTION
control field 20210908130801.0
008 - FIXED-LENGTH DATA ELEMENTS--GENERAL INFORMATION
fixed length control field 160701b xxu||||| |||| 00| 0 eng d
020 ## - INTERNATIONAL STANDARD BOOK NUMBER
ISBN 818399-173-8
041 ## - LANGUAGE CODE
Language code of text/sound track or separate title eng
082 ## - DEWEY DECIMAL CLASSIFICATION NUMBER
Item number 20352
100 ## - MAIN ENTRY--AUTHOR NAME
Personal name chandra subash
245 ## - TITLE STATEMENT
Title Introduction to agricultural social science
260 ## - PUBLICATION, DISTRIBUTION, ETC. (IMPRINT)
Name of publisher New vishal
300 ## - PHYSICAL DESCRIPTION
Number of Pages 776
650 ## - SUBJECT ADDED ENTRY--TOPICAL TERM
Topical Term Agriculture
942 ## - ADDED ENTRY ELEMENTS (KOHA)
Koha item type Books
Holdings
Lost status Damaged status Collection code Home library Current library Shelving location Date acquired Source of acquisition Cost, normal purchase price Full call number Accession Number Koha item type
    Reference JRU Library JRU Library SHELF-2-C 01/07/2016 PURCHASE 560.00 307.72 20352 Books